<?xml version="1.0" encoding="UTF-8"?>
<collection xmlns="http://www.loc.gov/MARC21/slim">
<record>
  <controlfield tag="001">170319</controlfield>
  <controlfield tag="005">20260410165451.0</controlfield>
  <datafield tag="024" ind1="7" ind2=" ">
    <subfield code="2">doi</subfield>
    <subfield code="a">10.1016/j.dark.2026.102283</subfield>
  </datafield>
  <datafield tag="024" ind1="8" ind2=" ">
    <subfield code="2">sideral</subfield>
    <subfield code="a">148827</subfield>
  </datafield>
  <datafield tag="037" ind1=" " ind2=" ">
    <subfield code="a">ART-2026-148827</subfield>
  </datafield>
  <datafield tag="041" ind1=" " ind2=" ">
    <subfield code="a">eng</subfield>
  </datafield>
  <datafield tag="100" ind1=" " ind2=" ">
    <subfield code="a">Asorey, Jacobo</subfield>
    <subfield code="u">Universidad de Zaragoza</subfield>
    <subfield code="0">(orcid)0000-0002-6211-499X</subfield>
  </datafield>
  <datafield tag="245" ind1=" " ind2=" ">
    <subfield code="a">Revisiting ΛCDM extensions in light of re-analyzed CMB data</subfield>
  </datafield>
  <datafield tag="260" ind1=" " ind2=" ">
    <subfield code="c">2026</subfield>
  </datafield>
  <datafield tag="520" ind1="3" ind2=" ">
    <subfield code="a">In the last years with the increasing precision in cosmological observations we have been able to establish a standard model of cosmology, the so-called ΛCDM, but also find some tensions between cosmological probes that are difficult to explain within the context of this model. We tested several phenomenological extensions of the ΛCDM with the newest datasets from the chain CMB+BAO+SNIa, to see whether they are able to alleviate the aforementioned tensions. We find that when the updated version of the Planck CMB likelihood (PR4 LoLLiPoP and HiLLiPoP), with respect to the more used likelihoods (PR4 CamSpec and PR3), is considered, the lensing anomaly is reduced, and the preference for AL > 1 and Ωk &lt; 0 is less significant. From the CMB+BAO+SNIa dataset, in the context of the parameterization w0waCDM, we find a preference for a time-evoling dark energy over the rigid cosmological constant which is consistent with the most recent results from DESI collaboration.</subfield>
  </datafield>
  <datafield tag="506" ind1="0" ind2=" ">
    <subfield code="a">Access copy available to the general public</subfield>
    <subfield code="f">Unrestricted</subfield>
  </datafield>
  <datafield tag="536" ind1=" " ind2=" ">
    <subfield code="9">info:eu-repo/grantAgreement/ES/AEI/PID2021-126078NB-C21</subfield>
    <subfield code="9">info:eu-repo/grantAgreement/ES/DGA/E21-23R</subfield>
    <subfield code="9">info:eu-repo/grantAgreement/ES/MICINN/PID2022-138263NB-I00</subfield>
  </datafield>
  <datafield tag="540" ind1=" " ind2=" ">
    <subfield code="9">info:eu-repo/semantics/openAccess</subfield>
    <subfield code="a">by</subfield>
    <subfield code="u">https://creativecommons.org/licenses/by/4.0/deed.es</subfield>
  </datafield>
  <datafield tag="655" ind1=" " ind2="4">
    <subfield code="a">info:eu-repo/semantics/article</subfield>
    <subfield code="v">info:eu-repo/semantics/publishedVersion</subfield>
  </datafield>
  <datafield tag="700" ind1=" " ind2=" ">
    <subfield code="a">de Cruz Pérez, Javier</subfield>
  </datafield>
  <datafield tag="710" ind1="2" ind2=" ">
    <subfield code="1">2004</subfield>
    <subfield code="2">038</subfield>
    <subfield code="a">Universidad de Zaragoza</subfield>
    <subfield code="b">Dpto. Física Teórica</subfield>
    <subfield code="c">Área Astronomía y Astrofísica</subfield>
  </datafield>
  <datafield tag="773" ind1=" " ind2=" ">
    <subfield code="g">52 (2026), 102283 [11 pp.]</subfield>
    <subfield code="p">Phys. dark universe</subfield>
    <subfield code="t">Physics of the Dark Universe</subfield>
    <subfield code="x">2212-6864</subfield>
  </datafield>
  <datafield tag="856" ind1="4" ind2=" ">
    <subfield code="s">2973808</subfield>
    <subfield code="u">http://zaguan.unizar.es/record/170319/files/texto_completo.pdf</subfield>
    <subfield code="y">Versión publicada</subfield>
  </datafield>
  <datafield tag="856" ind1="4" ind2=" ">
    <subfield code="s">2850813</subfield>
    <subfield code="u">http://zaguan.unizar.es/record/170319/files/texto_completo.jpg?subformat=icon</subfield>
    <subfield code="x">icon</subfield>
    <subfield code="y">Versión publicada</subfield>
  </datafield>
  <datafield tag="909" ind1="C" ind2="O">
    <subfield code="o">oai:zaguan.unizar.es:170319</subfield>
    <subfield code="p">articulos</subfield>
    <subfield code="p">driver</subfield>
  </datafield>
  <datafield tag="951" ind1=" " ind2=" ">
    <subfield code="a">2026-04-10-13:46:30</subfield>
  </datafield>
  <datafield tag="980" ind1=" " ind2=" ">
    <subfield code="a">ARTICLE</subfield>
  </datafield>
</record>
</collection>